[Event "Morbihan-ch 1112"]
[Site "Morbihan"]
[Date "2012.03.10"]
[Round "6.6"]
[White "Landais, Romain"]
[Black "Sellin, Alain"]
[Result "1-0"]
[WhiteElo "1905"]
[BlackElo "1620"]
[PlyCount "69"]
[EventDate "2011.10.08"]
[EventType "swiss"]
[EventRounds "7"]
[EventCountry "FRA"]
[SourceTitle "EXT 2014"]
[Source "ChessBase"]
[SourceDate "2013.11.20"]
[SourceVersion "1"]
[SourceVersionDate "2013.11.20"]
[SourceQuality "1"]

1. e4 e5 2. Nf3 Nc6 3. Bb5 a6 4. Ba4 Nf6 5. 0-0 b5 6. Bb3 Be7 7. d4 d6 8. Bd5 Nxd5 9. exd5 Nxd4 10. Nxd4 exd4 11. Qxd4 0-0 12. a4 Bf6 13. Qb4 Bb7 14. c4 c5 15. dxc6 Bxc6 16. cxb5 axb5 17. a5 Be5 18. Nc3 Qd7 19. Be3 Qb7 20. f3 Rfe8 21. Bb6 Re6 22. Nxb5 Rh6 23. Nc7 Bxh2+ 24. Kf2 Rg6 25. Ra3 Bg3+ 26. Ke2 Re8+ 27. Nxe8 Qa6+ 28. Rd3 Re6+ 29. Kd2 Rxe8 30. Rd1 Bb5 31. Re3 Rxe3 32. Kxe3 Be2 33. Rd2 Be1 34. Qxd6 Bxd2+ 35. Qxd2 1-0

[Event "Morbihan-ch 1112"]
[Site "Morbihan"]
[Date "2011.11.19"]
[Round "2.7"]
[White "Sellin, Alain"]
[Black "Nicolas, Stephane"]
[Result "0-1"]
[WhiteElo "1590"]
[BlackElo "1850"]
[PlyCount "98"]
[EventDate "2011.10.08"]
[EventType "swiss"]
[EventRounds "7"]
[EventCountry "FRA"]
[SourceTitle "EXT 2014"]
[Source "ChessBase"]
[SourceDate "2013.11.20"]
[SourceVersion "1"]
[SourceVersionDate "2013.11.20"]
[SourceQuality "1"]

1. e4 d5 2. exd5 Nf6 3. Bc4 Nxd5 4. Nf3 Nc6 5. 0-0 Bg4 6. d4 e6 7. c3 Qf6 8. Be2 Nf4 9. Bxf4 Qxf4 10. Nbd2 Bd6 11. g3 Qf6 12. Ne4 Qg6 13. Nxd6+ cxd6 14. Nh4 Bxe2 15. Qxe2 Qf6 16. f4 0-0 17. Rae1 a6 18. Nf3 Rac8 19. Ng5 d5 20. Qc2 g6 21. Qg2 Na5 22. Qh3 Qg7 23. Re2 Rc6 24. Rfe1 Rfc8 25. Nf3 Nc4 26. Ne5 Rb6 27. Nxc4 Rxc4 28. Qg2 Rbc6 29. Qf2 b5 30. Rc2 b4 31. Rec1 a5 32. Qe3 bxc3 33. Rxc3 Qf8 34. b3 Rxc3 35. Rxc3 Rxc3 36. Qxc3 Qa3 37. Qc2 Qb4 38. Qc5 Qe1+ 39. Kg2 Qe2+ 40. Kh3 Qh5+ 41. Kg2 Qe2+ 42. Kh3 Qxa2 43. Qc3 h5 44. Qf3 Qd2 45. g4 hxg4+ 46. Qxg4 Qxd4 47. Qg5 Qe3+ 48. Kg4 Qg1+ 49. Kh4 Qxh2+ 0-1

[Event "Morbihan-ch 1011"]
[Site "Morbihan"]
[Date "2011.03.26"]
[Round "6.9"]
[White "Pouliquen, Alain"]
[Black "Sellin, Alain"]
[Result "1-0"]
[WhiteElo "1724"]
[BlackElo "1640"]
[PlyCount "113"]
[EventDate "2010.10.09"]
[EventType "swiss"]
[EventRounds "7"]
[EventCountry "FRA"]
[SourceTitle "EXT 2014"]
[Source "ChessBase"]
[SourceDate "2013.11.20"]
[SourceVersion "1"]
[SourceVersionDate "2013.11.20"]
[SourceQuality "1"]

1. d4 d5 2. c4 c6 3. cxd5 cxd5 4. Nc3 Nf6 5. Bf4 e6 6. e3 Nc6 7. Nf3 Bb4 8. Rc1 Qa5 9. Qc2 Qxa2 10. Bd3 Bxc3+ 11. Qxc3 Qa5 12. 0-0 Qxc3 13. Rxc3 Ne4 14. Rc2 0-0 15. Bb5 Bd7 16. Bxc6 Bxc6 17. Rfc1 f6 18. Ne1 Rac8 19. Nd3 Bd7 20. f3 Rxc2 21. Rxc2 Ng5 22. Rc7 Bc6 23. Nb4 Nf7 24. Nxc6 bxc6 25. Rxc6 e5 26. Bg3 h6 27. Be1 Rb8 28. Bc3 Kf8 29. Rc7 a6 30. Rc6 Ra8 31. Rc7 exd4 32. Bxd4 Ne5 33. Bc5+ Kg8 34. Kf1 Rb8 35. b4 Nd3 36. Bd6 Nxb4 37. Rxg7+ Kxg7 38. Bxb8 a5 39. Bd6 Nc2 40. Ke2 Kf7 41. Kd2 Nb4 42. Kc3 Nc6 43. g4 Ne5 44. e4 dxe4 45. Bxe5 fxe5 46. fxe4 Kg6 47. h4 Kf6 48. Kb3 Ke6 49. Ka4 Kd6 50. Kxa5 Kc5 51. g5 hxg5 52. hxg5 Kd4 53. g6 Kxe4 54. g7 Kf3 55. g8Q e4 56. Qg1 e3 57. Qe1 1-0

[Event "Morbihan-ch 0910"]
[Site "Morbihan"]
[Date "2010.04.24"]
[Round "7.15"]
[White "Cheneau, Lionel"]
[Black "Sellin, Alain"]
[Result "0-1"]
[WhiteElo "1400"]
[BlackElo "1640"]
[PlyCount "100"]
[EventDate "2009.10.10"]
[EventType "swiss"]
[EventRounds "7"]
[EventCountry "FRA"]
[SourceTitle "EXT 2014"]
[Source "ChessBase"]
[SourceDate "2013.11.20"]
[SourceVersion "1"]
[SourceVersionDate "2013.11.20"]
[SourceQuality "1"]

1. e4 e5 2. Nf3 Nc6 3. Bc4 Bc5 4. d3 Nf6 5. Ng5 0-0 6. Nc3 d6 7. h3 Nd4 8. Na4 Bb6 9. c3 Nc6 10. 0-0 Ne7 11. Qb3 d5 12. exd5 Nexd5 13. Nf3 Qd6 14. d4 e4 15. Ne5 h6 16. a3 a6 17. Nxb6 cxb6 18. a4 Be6 19. Qd1 Rac8 20. b3 Nxc3 21. Qc2 Qxd4 22. Bf4 Bxc4 23. bxc4 Rxc4 24. Kh1 Rc5 25. Be3 Qxe5 26. Bxc5 bxc5 27. Rac1 Nfd5 28. Rfe1 f5 29. Qb3 Rb8 30. Re3 Kh8 31. Rexc3 Nxc3 32. Rxc3 b5 33. Qc2 bxa4 34. g3 Rb5 35. Re3 Rb2 36. Qd1 Qd4 37. Qe1 Qd2 38. Qf1 Rc2 39. Re1 c4 40. Rd1 Qc3 41. Rd8+ Kh7 42. Rd1 a3 43. g4 f4 44. h4 a2 45. g5 h5 46. g6+ Kh6 47. Qg2 Qf6 48. Kh2 Qxh4+ 49. Kg1 Qg4 50. Kf1 Qxd1# 0-1

[Event "Morbihan-ch 0910"]
[Site "Morbihan"]
[Date "2010.03.27"]
[Round "6.6"]
[White "Sellin, Alain"]
[Black "Purenne, Benoit"]
[Result "0-1"]
[WhiteElo "1640"]
[BlackElo "1886"]
[PlyCount "86"]
[EventDate "2009.10.10"]
[EventType "swiss"]
[EventRounds "7"]
[EventCountry "FRA"]
[SourceTitle "EXT 2014"]
[Source "ChessBase"]
[SourceDate "2013.11.20"]
[SourceVersion "1"]
[SourceVersionDate "2013.11.20"]
[SourceQuality "1"]

1. e4 c5 2. c3 Nf6 3. e5 Nd5 4. d4 cxd4 5. cxd4 Nc6 6. Nf3 e6 7. a3 d6 8. Be2 Qc7 9. 0-0 Bd7 10. Bb5 Nxe5 11. dxe5 Bxb5 12. exd6 Bxd6 13. Re1 0-0 14. Nbd2 Rfd8 15. Ne4 Bf4 16. Bxf4 Nxf4 17. Qb3 Bc4 18. Qc2 Rac8 19. Red1 Bd5 20. Qxc7 Rxc7 21. Nc3 a6 22. Rd4 Rxc3 23. bxc3 Ne2+ 24. Kf1 Nxd4 25. cxd4 Bxf3 26. gxf3 Rxd4 27. Rc1 Kf8 28. Rc8+ Ke7 29. Rc7+ Rd7 30. Rxd7+ Kxd7 31. Ke2 Kd6 32. Kd3 Kd5 33. Kc3 a5 34. Kd3 b5 35. Kc3 b4+ 36. axb4 axb4+ 37. Kxb4 Ke5 38. Kc5 Kf4 39. Kd6 Kxf3 40. Ke7 Kxf2 41. Kxf7 Kg2 42. Kxe6 Kxh2 43. Kf7 g5 0-1

[Event "Morbihan-ch 0910"]
[Site "Morbihan"]
[Date "2010.01.16"]
[Round "3.18"]
[White "Sellin, Alain"]
[Black "Cheneau, Alain"]
[Result "1-0"]
[WhiteElo "1640"]
[BlackElo "1040"]
[PlyCount "91"]
[EventDate "2009.10.10"]
[EventType "swiss"]
[EventRounds "7"]
[EventCountry "FRA"]
[SourceTitle "EXT 2014"]
[Source "ChessBase"]
[SourceDate "2013.11.20"]
[SourceVersion "1"]
[SourceVersionDate "2013.11.20"]
[SourceQuality "1"]

1. e4 e5 2. Nf3 Nf6 3. Nxe5 Bd6 4. Nc4 Nxe4 5. Qe2 0-0 6. Qf3 Re8 7. Be2 Ng5 8. Qd5 Qe7 9. Ne3 c6 10. Qb3 b6 11. Nc3 Bb7 12. Nf5 Qe6 13. Qxe6 dxe6 14. Nxd6 Re7 15. Nxb7 Rxb7 16. d4 Rd7 17. Bxg5 Rxd4 18. 0-0 Rd8 19. Rad1 Re8 20. Rd2 Na6 21. Rfd1 h6 22. Bh4 Nc5 23. b4 Na6 24. Bxa6 Rab8 25. Rd8 Kf8 26. Rxe8+ Rxe8 27. Rd8 g5 28. Rxe8+ Kxe8 29. Bg3 Ke7 30. Bb7 Kd7 31. Ne4 f5 32. Nf6+ Ke7 33. Be5 Kf7 34. Bxc6 a6 35. a4 Ke7 36. a5 bxa5 37. bxa5 Kd8 38. Bd7 Ke7 39. c4 Kd8 40. c5 f4 41. c6 Ke7 42. c7 Kf7 43. c8Q Kg6 44. Bxe6 h5 45. Qg8+ Kh6 46. Qh7# 1-0

[Event "FRA-chT4 0506"]
[Site "Bretagne"]
[Date "2005.11.23"]
[Round "1"]
[White "Stephan, Victor"]
[Black "Sellin, Alain"]
[Result "1-0"]
[WhiteElo "1978"]
[BlackElo "1630"]
[PlyCount "36"]
[EventDate "2005.10.16"]
[EventType "team"]
[EventRounds "7"]
[EventCountry "FRA"]
[SourceTitle "EXT 2007"]
[Source "ChessBase"]
[SourceDate "2006.11.23"]
[SourceVersion "1"]
[SourceVersionDate "2006.11.23"]
[SourceQuality "1"]

1. d4 d5 2. Nf3 Bg4 3. c4 e6 4. Qb3 b6 5. Bf4 Bxf3 6. gxf3 Bd6 7. Bg3 Nc6 8. e3 Bb4+ 9. Nc3 a5 10. cxd5 exd5 11. Qa4 Nge7 12. Bb5 Qd7 13. 0-0 Bxc3 14. Rac1 0-0 15. Rxc3 Rab8 16. Bxc6 Nxc6 17. Qxc6 Qf5 18. e4 Qxf3 1-0

[Event "Morbihan-ch 0405"]
[Site "Arradon"]
[Date "2005.03.26"]
[Round "6"]
[White "Berthelot, Eric"]
[Black "Sellin, Alain"]
[Result "0-1"]
[WhiteElo "1300"]
[BlackElo "1700"]
[PlyCount "100"]
[EventDate "2004.10.10"]
[EventType "swiss"]
[EventRounds "7"]
[EventCountry "FRA"]
[SourceTitle "EXT 2007"]
[Source "ChessBase"]
[SourceDate "2006.11.23"]
[SourceVersion "1"]
[SourceVersionDate "2006.11.23"]
[SourceQuality "1"]

1. e4 e5 2. Nf3 Nc6 3. Bc4 Bc5 4. c3 Nf6 5. d4 exd4 6. cxd4 Bb4+ 7. Bd2 Bxd2+ 8. Nbxd2 d6 9. h3 0-0 10. 0-0 Nh5 11. Nb3 Qf6 12. d5 Ne7 13. Qd2 Ng6 14. Be2 Nhf4 15. Nbd4 Re8 16. Bd3 Ne5 17. Nxe5 dxe5 18. Nf5 Qg5 19. Ne3 Bxh3 20. g3 Bxf1 21. Bxf1 Ng6 22. Bg2 h5 23. Nf1 Qxd2 24. Nxd2 h4 25. g4 Nf4 26. Bf3 g5 27. Rc1 Rac8 28. Nb3 b6 29. a4 a5 30. Nd2 Red8 31. Nc4 f6 32. Na3 Nd3 33. Rc6 Rd6 34. Rc2 Ne1 35. Rc3 Nxf3+ 36. Rxf3 c6 37. dxc6 Rdxc6 38. Nb5 Rc1+ 39. Kg2 Rb1 40. Rxf6 Kg7 41. Rxb6 Rxb2 42. Re6 Rf8 43. Re7+ Kg8 44. Nd6 Rfxf2+ 45. Kg1 Rg2+ 46. Kh1 h3 47. Re8+ Kg7 48. Nf5+ Kf7 49. Nd6+ Kf6 50. Rf8+ Ke7 0-1

[Event "FRA-chT4 0304"]
[Site "Bretagne"]
[Date "2004.03.14"]
[Round "6"]
[White "Sellin, Alain"]
[Black "Schutz, Vincent"]
[Result "0-1"]
[WhiteElo "1550"]
[BlackElo "1660"]
[PlyCount "50"]
[EventDate "2003.10.12"]
[EventType "team"]
[EventRounds "9"]
[EventCountry "FRA"]
[SourceTitle "EXT 2005"]
[Source "ChessBase"]
[SourceDate "2004.11.15"]
[SourceVersion "1"]
[SourceVersionDate "2004.11.15"]
[SourceQuality "1"]

1. e4 e6 2. d4 d5 3. e5 c5 4. c3 Nc6 5. Nf3 Qb6 6. a3 f6 7. b4 fxe5 8. b5 e4 9. Ng5 Nce7 10. dxc5 Qxc5 11. Be3 Qc7 12. Be2 Nf6 13. 0-0 Nf5 14. Bd4 Bd6 15. Bxf6 gxf6 16. Bh5+ Ke7 17. Qd2 Bf4 18. Qb2 fxg5 19. c4 Be5 20. Qb4+ Bd6 21. c5 Bxc5 22. Qb2 Rf8 23. g4 Nd4 24. Nc3 Nf3+ 25. Kg2 Qxh2# 0-1

[Event "FRA-chT4 0304"]
[Site "Bretagne"]
[Date "2003.11.16"]
[Round "2"]
[White "Larcher, Sebastien"]
[Black "Sellin, Alain"]
[Result "1-0"]
[WhiteElo "1470"]
[BlackElo "1590"]
[PlyCount "59"]
[EventDate "2003.10.12"]
[EventType "team"]
[EventRounds "9"]
[EventCountry "FRA"]
[SourceTitle "EXT 2005"]
[Source "ChessBase"]
[SourceDate "2004.11.15"]
[SourceVersion "1"]
[SourceVersionDate "2004.11.15"]
[SourceQuality "1"]

1. e4 e5 2. Nf3 Nc6 3. Bc4 Bc5 4. 0-0 Nf6 5. d3 h6 6. h3 d6 7. Re1 Bd7 8. Nc3 Qc8 9. Na4 Bxh3 10. Nxc5 Bxg2 11. Kxg2 Qg4+ 12. Kf1 dxc5 13. Be3 Qh3+ 14. Ke2 Nd4+ 15. Bxd4 exd4 16. Rh1 Qg4 17. Rg1 Qf4 18. Rxg7 0-0-0 19. Rxf7 Rdf8 20. Qg1 Rxf7 21. Bxf7 Nxe4 22. Qg7 Rd8 23. Rg1 Nd6 24. Bh5 Kb8 25. Qe7 Rf8 26. Rg7 Nc8 27. Qxc5 b6 28. Qxd4 Qxd4 29. Nxd4 c5 30. Nc6+ 1-0

[Event "FRA-chT4 0304"]
[Site "Bretagne"]
[Date "2003.10.12"]
[Round "1"]
[White "Sellin, Alain"]
[Black "Grouazel, Fernand"]
[Result "1-0"]
[WhiteElo "1590"]
[BlackElo "1410"]
[PlyCount "63"]
[EventDate "2003.10.12"]
[EventType "team"]
[EventRounds "9"]
[EventCountry "FRA"]
[SourceTitle "EXT 2005"]
[Source "ChessBase"]
[SourceDate "2004.11.15"]
[SourceVersion "1"]
[SourceVersionDate "2004.11.15"]
[SourceQuality "1"]

1. e4 e5 2. Nf3 Nc6 3. Bb5 a6 4. Ba4 b5 5. Bb3 Be7 6. 0-0 Bb7 7. d3 d6 8. Nc3 Na5 9. Bd2 Nxb3 10. axb3 Nf6 11. Ne2 0-0 12. Ng3 Bc8 13. Ba5 Bd7 14. Rc1 Qc8 15. c4 Ra7 16. d4 Bg4 17. cxb5 axb5 18. b4 Bxf3 19. Qxf3 exd4 20. Nf5 Re8 21. Nxd4 Bd8 22. Nxb5 Rxa5 23. bxa5 Nxe4 24. Qd3 Qa6 25. Qd5 Qxa5 26. Ra1 Qb6 27. Nc3 Nxc3 28. bxc3 Bf6 29. Ra8 Rb8 30. Rfa1 Bd8 31. Rxb8 Qxb8 32. Qa8 1-0

[Event "Bretagne tt 0203"]
[Site "Bretagne"]
[Date "2002.11.17"]
[Round "2.8"]
[White "Le Cabellec, Loic"]
[Black "Sellin, Alain"]
[Result "1/2-1/2"]
[WhiteElo "1550"]
[BlackElo "1670"]
[PlyCount "107"]
[EventDate "2002.??.??"]
[EventType "team"]
[EventRounds "9"]
[EventCountry "FRA"]
[SourceTitle "EXT 2004"]
[Source "ChessBase"]
[SourceDate "2003.11.25"]
[SourceVersion "1"]
[SourceVersionDate "2003.11.25"]
[SourceQuality "1"]

1. Nf3 Nf6 2. d4 d5 3. e3 Bg4 4. Be2 e6 5. a3 Bd6 6. Ne5 Bxe2 7. Qxe2 Bxe5 8. dxe5 Nfd7 9. f4 Qh4+ 10. Qf2 Qxf2+ 11. Kxf2 f6 12. exf6 Nxf6 13. Nd2 Nc6 14. b4 Ng4+ 15. Ke2 0-0-0 16. h3 Nf6 17. g4 Rhe8 18. c3 h6 19. Rf1 e5 20. f5 d4 21. c4 dxe3 22. Kxe3 e4 23. Bb2 Rd3+ 24. Ke2 Rxh3 25. Bxf6 gxf6 26. Rf4 Nd4+ 27. Kd1 Rd3 28. Ke1 Rxd2 29. Kxd2 Nb3+ 30. Kc2 Nxa1+ 31. Kb2 e3 32. Rf1 Rd8 33. Rxa1 Rd2+ 34. Kc3 Rg2 35. Re1 e2 36. a4 c6 37. c5 Kc7 38. b5 b6 39. cxb6+ axb6 40. bxc6 Kxc6 41. Kd2 Kd5 42. Rb1 Ke4 43. Rxb6 Kf3 44. Rb1 Kf2 45. Re1 Kf3 46. a5 Rxg4 47. Rxe2 Ra4 48. Re6 Rxa5 49. Rxf6 h5 50. Rf8 h4 51. Rh8 Kg3 52. f6 Rf5 53. Rh6 h3 54. Ke3 1/2-1/2

[Event "Morbihan-ch 0102"]
[Site "Morbihan"]
[Date "2001.11.24"]
[Round "2"]
[White "Ropert, Mickael"]
[Black "Sellin, Alain"]
[Result "1-0"]
[WhiteElo "1390"]
[BlackElo "1530"]
[PlyCount "88"]
[EventDate "2001.10.20"]
[EventType "swiss"]
[EventRounds "7"]
[EventCountry "FRA"]
[SourceTitle "EXT 2005"]
[Source "ChessBase"]
[SourceDate "2004.11.15"]
[SourceVersion "1"]
[SourceVersionDate "2004.11.15"]
[SourceQuality "1"]

1. c4 Nf6 2. Nc3 e6 3. e3 Bb4 4. Nge2 c5 5. a3 Ba5 6. g3 d5 7. cxd5 exd5 8. Bg2 0-0 9. 0-0 Bg4 10. b4 cxb4 11. axb4 Bxb4 12. Bb2 Bxc3 13. Bxc3 Ne4 14. f3 Nxc3 15. Nxc3 Be6 16. d4 Nc6 17. f4 a6 18. f5 Bc8 19. Nxd5 Qg5 20. Qd3 b5 21. Be4 Rb8 22. f6 g6 23. Rf4 a5 24. Ne7+ Nxe7 25. fxe7 Re8 26. Bc6 Rxe7 27. Rxa5 Be6 28. Rxb5 Rxb5 29. Bxb5 Bh3 30. d5 Qe5 31. Kf2 Bf5 32. Qd4 g5 33. Qxe5 Rxe5 34. Rd4 Be4 35. d6 Rxb5 36. Rxe4 Rd5 37. Rd4 Rxd4 38. exd4 Kf8 39. Ke3 Ke8 40. Ke4 Kd7 41. Ke5 h6 42. g4 f6+ 43. Kxf6 Kxd6 44. Kg6 Kd5 1-0

[Event "Morbihan-ch 0102"]
[Site "Morbihan"]
[Date "2001.10.20"]
[Round "1"]
[White "Sellin, Alain"]
[Black "Meysson, Jean Marc"]
[Result "0-1"]
[WhiteElo "1530"]
[BlackElo "1940"]
[PlyCount "140"]
[EventDate "2001.10.20"]
[EventType "swiss"]
[EventRounds "7"]
[EventCountry "FRA"]
[SourceTitle "EXT 2005"]
[Source "ChessBase"]
[SourceDate "2004.11.15"]
[SourceVersion "1"]
[SourceVersionDate "2004.11.15"]
[SourceQuality "1"]

1. e4 c5 2. c3 Nf6 3. e5 Nd5 4. Bc4 Nb6 5. Bb3 d5 6. exd6 Qxd6 7. Nf3 Nc6 8. 0-0 Bf5 9. d4 cxd4 10. cxd4 e6 11. Nc3 Rd8 12. Nb5 Qb8 13. Qe2 Be7 14. Be3 0-0 15. Rad1 Nd5 16. Nc3 Nxc3 17. bxc3 Na5 18. Ne5 Bd6 19. g4 Bxe5 20. gxf5 Bxh2+ 21. Kh1 Nxb3 22. axb3 Bc7 23. f4 exf5 24. Qh5 Rd6 25. Qxf5 Qd8 26. Kg2 Rg6+ 27. Kf3 Re8 28. Rg1 Qe7 29. Rge1 Rf6 30. Qc2 Re6 31. Bd2 g6 32. d5 Rxe1 33. Rxe1 Qd7 34. Rxe8+ Qxe8 35. c4 Qd7 36. Qc3 Qh3+ 37. Ke2 Qxc3 38. Bxc3 a5 39. Be5 Bb6 40. Bf6 Kf8 41. Kf3 Bc5 42. Ke4 Ke8 43. Bg7 h5 44. Bf6 Be7 45. Bd4 Bd8 46. Kf3 Kd7 47. c5 f6 48. Be3 Ke8 49. Bf2 Kf7 50. Be1 g5 51. f5 Ke7 52. Bg3 Kd7 53. Bf2 Bc7 54. Bg3 Bd8 55. Bf2 h4 56. Kg4 Bc7 57. Be1 b6 58. cxb6 Bxb6 59. Bc3 Bd8 60. b4 a4 61. b5 Kd6 62. b6 Bxb6 63. Bxf6 Be3 64. Bb2 Kxd5 65. Ba1 Kd6 66. Bb2 Ke7 67. Ba3+ Kf7 68. Bb2 Bc5 69. Bc3 Be7 70. Bb2 a3 0-1